000 00395nam a2200181 4500
003 SEACOMMC
005 20231011053256.0
008 231011b |||||||| |||| 00| 0 eng d
020 _c750.00
040 _aSEACOMMC
082 _a005.13
_bMY
100 _aDubois,Paul
245 _aMy SQL Cookbook
260 _aMumbai
_bshroff
_c2003
650 _aSQL
700 _aPaul Dubois
942 _cBOOK
999 _c118
_d118